Scottish canal culture (Record no. 71348)
[ view plain ]
| 000 -LEADER | |
|---|---|
| fixed length control field | 00921cam a2200205 4500 |
| 001 - CONTROL NUMBER | |
| control field | WB3838-20 |
| 008 - FIXED-LENGTH DATA ELEMENTS--GENERAL INFORMATION | |
| fixed length control field | 021015n2002 000 0 eng u |
| 035 ## - SYSTEM CONTROL NUMBER | |
| System control number | (Sirsi) u120081 |
| 245 ## - TITLE STATEMENT | |
| Title | Scottish canal culture |
| 260 ## - PUBLICATION, DISTRIBUTION, ETC. | |
| Date of publication, distribution, etc. | 2002 |
| 490 ## - SERIES STATEMENT | |
| Series statement | Scottish Executive News Release |
| Volume/sequential designation | (SEET141/2002) 11 October 2002, (3) |
| 520 ## - SUMMARY, ETC. | |
| Summary, etc. | The first policy document discussing the future of Scotland's historic canals has been published. "Scotland's canals: an asset for the future" aims to raise awareness of the waterways and to encourage economic regeneration through the development of a canal culture. Document is available at http://www.scotland.gov.uk/library5/environment/scaf-00.asp. http://www.scotland.gov.uk/pages/news/2002/10/SEET141.aspx |
| 590 ## - LOCAL NOTE (RLIN) | |
| Local note | WB |
| 650 ## - SUBJECT ADDED ENTRY--TOPICAL TERM | |
| Topical term or geographic name entry element | CANALS |
| 650 ## - SUBJECT ADDED ENTRY--TOPICAL TERM | |
| Topical term or geographic name entry element | SCOTLAND |
| 650 ## - SUBJECT ADDED ENTRY--TOPICAL TERM | |
| Topical term or geographic name entry element | WATERWAYS |
| 650 ## - SUBJECT ADDED ENTRY--TOPICAL TERM | |
| Topical term or geographic name entry element | REGENERATION |
| 690 ## - LOCAL SUBJECT ADDED ENTRY--TOPICAL TERM (OCLC, RLIN) | |
| Topical term or geographic name as entry element | TRANSPORT AND COMMUNICATIONS |
| 942 ## - ADDED ENTRY ELEMENTS (KOHA) | |
| Suppress in OPAC | 0 |
| Withdrawn status | Lost status | Source of classification or shelving scheme | Damaged status | Not for loan | Home library | Current library | Shelving location | Date acquired | Total Checkouts | Full call number | Barcode | Date last seen | Copy number | Price effective from | Koha item type |
|---|---|---|---|---|---|---|---|---|---|---|---|---|---|---|---|
| Dewey Decimal Classification | London | London | News article | 15/10/2002 | WB3838-20 | 120081-1001 | 06/08/2019 | 1 | 06/08/2019 | News article |